2020-21 FC Barcelona Squad - Statistics

General Stats
  • This quiz has been taken 169 times
  • The average score is 18 of 25
Answer Stats
Squad Number Position Nationality Player % Correct
1 GK German Marc-André ter Stegen
99%
3 CB Spanish Gerard Piqué
96%
10 RW Argentine Lionel Messi
96%
5 DM Spanish Sergio Busquets
93%
11 RW French Ousmane Dembélé
89%
2 RB American Sergiño Dest
88%
18 LB Spanish Jordi Alba
87%
7 CF French Antoine Griezmann
84%
21 CM Dutch Frenkie de Jong
81%
4 CB Uruguayan Ronald Araújo
80%
8 DM Bosnian Miralem Pjanić
79%
16 AM Spanish Pedri
79%
- Manager Dutch Ronald Koeman
79%
23 CB French Samuel Umtiti
78%
13 GK Brazilian Neto
76%
15 CB French Clément Lenglet
74%
9 ST Danish Martin Braithwaite
73%
20 RB Spanish Sergi Roberto
72%
14 AM Brazilian Philippe Coutinho
68%
22 LW Spanish Ansu Fati
59%
17 RW Portuguese Francisco Trincão
56%
12 CM Spanish Riqui Puig
44%
24 LB Spanish Junior Firpo
35%
6 CM Spanish Carles Aleñá
22%
19 DM Brazilian Mattheus Fernandes
16%
No matching quizzes found
Score Distribution
Percent of People with Each Score
Percentile by Number Answered
Your Score History
You have not taken this quiz